000 00287nam a22001337a 4500
008 181005b xxu||||| |||| 00| 0 eng d
020 _a9781851099276
041 _aeng
080 _a321
100 _a20
101 _aPOL
245 _aWorld Population
_cGilbert G
942 _2udc
_cBK
999 _c48899
_d48899